|
|
|
|
| LEADER |
01985nam a2200541 4500 |
| 001 |
ocn893086637 |
| 003 |
OCoLC |
| 005 |
20170124070042.3 |
| 006 |
m o d |
| 007 |
cr cnu---unuuu |
| 008 |
141016t20142014enka ob 001 0 eng d |
| 040 |
|
|
|a N$T
|b eng
|e rda
|e pn
|c N$T
|d DG1
|d YDXCP
|d OCLCF
|d OCLCQ
|d DEBBG
|d GrThAP
|
| 020 |
|
|
|a 9781119008651
|q (electronic bk.)
|
| 020 |
|
|
|a 1119008654
|q (electronic bk.)
|
| 020 |
|
|
|a 9781119008774
|q (electronic bk.)
|
| 020 |
|
|
|a 1119008778
|q (electronic bk.)
|
| 029 |
1 |
|
|a CHBIS
|b 010441690
|
| 029 |
1 |
|
|a CHVBK
|b 334094941
|
| 029 |
1 |
|
|a GBVCP
|b 815001444
|
| 029 |
1 |
|
|a DEBBG
|b BV043397205
|
| 035 |
|
|
|a (OCoLC)893086637
|
| 050 |
|
4 |
|a HB139
|b .D83 2014
|
| 072 |
|
7 |
|a BUS
|x 069000
|2 bisacsh
|
| 072 |
|
7 |
|a BUS
|x 055000
|2 bisacsh
|
| 082 |
0 |
4 |
|a 330.015195
|2 23
|
| 049 |
|
|
|a MAIN
|
| 100 |
1 |
|
|a Dubé, Jean,
|e author.
|
| 245 |
1 |
0 |
|a Spatial econometrics using microdata /
|c Jean Dubé, Diègo Legros.
|
| 264 |
|
1 |
|a London :
|b ISTE Ltd. ;
|a Hoboken :
|b John Wiley & Sons, Inc,
|c 2014.
|
| 264 |
|
4 |
|c ©2014
|
| 300 |
|
|
|a 1 online resource :
|b illustrations.
|
| 336 |
|
|
|a text
|b txt
|2 rdacontent
|
| 337 |
|
|
|a computer
|b c
|2 rdamedia
|
| 338 |
|
|
|a online resource
|b cr
|2 rdacarrier
|
| 490 |
1 |
|
|a GIS and territorial intelligence
|
| 588 |
0 |
|
|a Online resource; title from PDF title page (EBSCO, viewed October 16, 2014).
|
| 504 |
|
|
|a Includes bibliographical references and index.
|
| 650 |
|
0 |
|a Econometrics.
|
| 650 |
|
0 |
|a Economics
|x Mathematical models.
|
| 650 |
|
7 |
|a BUSINESS & ECONOMICS
|x Economics
|x General.
|2 bisacsh
|
| 650 |
|
7 |
|a BUSINESS & ECONOMICS
|x Reference.
|2 bisacsh
|
| 650 |
|
7 |
|a Econometrics.
|2 fast
|0 (OCoLC)fst00901574
|
| 650 |
|
7 |
|a Economics
|x Mathematical models.
|2 fast
|0 (OCoLC)fst00902155
|
| 655 |
|
4 |
|a Electronic books.
|
| 700 |
1 |
|
|a Legros, Diègo,
|e author.
|
| 830 |
|
0 |
|a Focus GIS and territorial intelligence series.
|
| 856 |
4 |
0 |
|u https://doi.org/10.1002/9781119008651
|z Full Text via HEAL-Link
|
| 994 |
|
|
|a 92
|b DG1
|